| 000 | 00000nam##2200000za#4500 |
| 001 | 9.578715 |
| 003 | CaOODSP |
| 005 | 20210624190222 |
| 007 | cr ||||||||||| |
| 008 | 150406|1995||||xxc|||||o f|0| 0 eng|d |
| 040 | |aCaOODSP|beng |
| 043 | |an-cn--- |
| 086 | 1 |aLU2-153/204-1995E-PDF |
| 110 | 1 |aCanada.|bHuman Resources Development Canada. |bUnemployment Insurance. |
| 245 | 10|aUnemployment insurance and employment durations : |h[electronic resource]|bseasonal and non-seasonal jobs / |cby David A. Green and Timothy C. Sargent. |
| 260 | |aOttawa - Ontario : |bHuman Resources Development Canada. |cMay 1995. |
| 300 | |a51p.|bfigs., tables |
| 490 | 1 |aUnemployment insurance evaluation series |
| 500 | |a"UI Impacts on Worker Behaviour" |
| 504 | |aBibliography. |
| 590 | |a14-03-Supp|b2014-01-17 |
| 775 | 08|tLa durée d'emploi et l'assurance-chômage : |w(CaOODSP)9.606557 |
| 776 | 0#|tUnemployment Insurance and employment durations : |w(CaOODSP)9.612873 |
| 830 | #0|aUnemployment insurance evaluation series.|w(CaOODSP)9.507428 |
| 856 | 40|ahttp://publications.gc.ca|qPDF|s500 KB|uhttps://publications.gc.ca/collections/collection_2014/rhdcc-hrsdc/LU2-153-204-1995-eng.pdf |
| 986 | |aIN-AH-204E-05-95 |